<?xml version="1.0" encoding="UTF-8"?>
<record
    xmlns:xsi="http://www.w3.org/2001/XMLSchema-instance"
    xsi:schemaLocation="http://www.loc.gov/MARC21/slim http://www.loc.gov/standards/marcxml/schema/MARC21slim.xsd"
    xmlns="http://www.loc.gov/MARC21/slim">

  <leader>01125nas a2200289 i 4500</leader>
  <controlfield tag="003">DO-SdBNP</controlfield>
  <controlfield tag="005">20260218083040.0</controlfield>
  <controlfield tag="007">ta</controlfield>
  <controlfield tag="008">260218e1975    dr q  p|r    ||   | spa d</controlfield>
  <datafield tag="035" ind1=" " ind2=" ">
    <subfield code="a">(DO-SdUA)46764</subfield>
  </datafield>
  <datafield tag="040" ind1=" " ind2=" ">
    <subfield code="a">DO-SdUA</subfield>
    <subfield code="b">spa</subfield>
    <subfield code="c">DO-SdBNP</subfield>
    <subfield code="e">rda</subfield>
  </datafield>
  <datafield tag="041" ind1="0" ind2=" ">
    <subfield code="a">spa</subfield>
  </datafield>
  <datafield tag="245" ind1="0" ind2="0">
    <subfield code="a">Realidad contempor&#xE1;nea / </subfield>
    <subfield code="c">Luis G&#xF3;mez, director.</subfield>
  </datafield>
  <datafield tag="264" ind1=" " ind2=" ">
    <subfield code="a">Santo Domingo, Rep&#xFA;blica Dominicana :</subfield>
    <subfield code="b">Alfa &amp; Omega, </subfield>
    <subfield code="c">1975-.</subfield>
  </datafield>
  <datafield tag="300" ind1=" " ind2=" ">
    <subfield code="a">volumen :</subfield>
    <subfield code="b">ilustraciones, tablas ; </subfield>
    <subfield code="c">21.5 x 15 cm.</subfield>
  </datafield>
  <datafield tag="310" ind1=" " ind2=" ">
    <subfield code="a">Trimestral. </subfield>
  </datafield>
  <datafield tag="336" ind1=" " ind2=" ">
    <subfield code="a">texto</subfield>
    <subfield code="b">txt </subfield>
    <subfield code="2">rdacontent</subfield>
  </datafield>
  <datafield tag="337" ind1=" " ind2=" ">
    <subfield code="a">sin mediaci&#xF3;n </subfield>
    <subfield code="b">n</subfield>
    <subfield code="2">rdamedia</subfield>
  </datafield>
  <datafield tag="338" ind1=" " ind2=" ">
    <subfield code="a">volumen </subfield>
    <subfield code="b">nc </subfield>
    <subfield code="2">rdacarrier</subfield>
  </datafield>
  <datafield tag="362" ind1=" " ind2=" ">
    <subfield code="a">A&#xF1;o 1. No. 1, octubre-diciembre 1975.</subfield>
  </datafield>
  <datafield tag="500" ind1=" " ind2=" ">
    <subfield code="a">Catalogaci&#xF3;n basada en el A&#xF1;o 1. No. 1, octubre-diciembre 1975.</subfield>
  </datafield>
  <datafield tag="650" ind1=" " ind2="7">
    <subfield code="a">Rep&#xFA;blica Dominicana</subfield>
    <subfield code="x">Condiciones socioecon&#xF3;micas</subfield>
    <subfield code="v">Publicaciones peri&#xF3;dicas</subfield>
    <subfield code="2">lemb</subfield>
    <subfield code="9">89034</subfield>
  </datafield>
  <datafield tag="650" ind1=" " ind2="0">
    <subfield code="a">Socialismo</subfield>
    <subfield code="v">Publicaciones peri&#xF3;dicas</subfield>
    <subfield code="z">Rep&#xFA;blica Dominicana</subfield>
    <subfield code="9">287</subfield>
  </datafield>
  <datafield tag="650" ind1=" " ind2="0">
    <subfield code="a">Marxismo</subfield>
    <subfield code="v">Publicaciones peri&#xF3;dicas</subfield>
    <subfield code="z">Rep&#xFA;blica Dominicana</subfield>
    <subfield code="9">5234</subfield>
  </datafield>
  <datafield tag="700" ind1=" " ind2=" ">
    <subfield code="a">G&#xF3;mez, Luis</subfield>
    <subfield code="d">1933-</subfield>
    <subfield code="9">34630</subfield>
    <subfield code="e">director</subfield>
  </datafield>
  <datafield tag="942" ind1=" " ind2=" ">
    <subfield code="2">ddc</subfield>
    <subfield code="c">ISSUE</subfield>
  </datafield>
  <datafield tag="952" ind1=" " ind2=" ">
    <subfield code="0">0</subfield>
    <subfield code="1">0</subfield>
    <subfield code="2">ddc</subfield>
    <subfield code="4">0</subfield>
    <subfield code="5">6</subfield>
    <subfield code="7">0</subfield>
    <subfield code="8">SE</subfield>
    <subfield code="a">BNPHU</subfield>
    <subfield code="b">BNPHU</subfield>
    <subfield code="d">2026-02-18</subfield>
    <subfield code="h">A&#xF1;o 1. N&#xFA;mero 1 (octubre-diciembre 1975)</subfield>
    <subfield code="l">0</subfield>
    <subfield code="p">2026-1317</subfield>
    <subfield code="r">2026-02-18</subfield>
    <subfield code="t">e.1</subfield>
    <subfield code="w">2026-02-18</subfield>
    <subfield code="y">ISSUE</subfield>
  </datafield>
  <datafield tag="952" ind1=" " ind2=" ">
    <subfield code="0">0</subfield>
    <subfield code="1">0</subfield>
    <subfield code="2">ddc</subfield>
    <subfield code="4">0</subfield>
    <subfield code="5">6</subfield>
    <subfield code="7">0</subfield>
    <subfield code="8">SE</subfield>
    <subfield code="a">BNPHU</subfield>
    <subfield code="b">BNPHU</subfield>
    <subfield code="d">2026-02-18</subfield>
    <subfield code="h">A&#xF1;o 1. N&#xFA;mero 1 (octubre-diciembre 1975)</subfield>
    <subfield code="l">0</subfield>
    <subfield code="p">2026-1318</subfield>
    <subfield code="r">2026-02-18</subfield>
    <subfield code="t">e.2</subfield>
    <subfield code="w">2026-02-18</subfield>
    <subfield code="y">ISSUE</subfield>
  </datafield>
  <datafield tag="952" ind1=" " ind2=" ">
    <subfield code="0">0</subfield>
    <subfield code="1">0</subfield>
    <subfield code="2">ddc</subfield>
    <subfield code="4">0</subfield>
    <subfield code="5">6</subfield>
    <subfield code="7">0</subfield>
    <subfield code="8">SE</subfield>
    <subfield code="a">BNPHU</subfield>
    <subfield code="b">BNPHU</subfield>
    <subfield code="d">2026-02-18</subfield>
    <subfield code="h">A&#xF1;o 1. N&#xFA;mero 1 (octubre-diciembre 1975)</subfield>
    <subfield code="l">0</subfield>
    <subfield code="p">2026-1319</subfield>
    <subfield code="r">2026-02-18</subfield>
    <subfield code="t">e.3</subfield>
    <subfield code="w">2026-02-18</subfield>
    <subfield code="y">ISSUE</subfield>
  </datafield>
  <datafield tag="952" ind1=" " ind2=" ">
    <subfield code="0">0</subfield>
    <subfield code="1">0</subfield>
    <subfield code="2">ddc</subfield>
    <subfield code="4">0</subfield>
    <subfield code="5">6</subfield>
    <subfield code="7">0</subfield>
    <subfield code="8">SE</subfield>
    <subfield code="a">BNPHU</subfield>
    <subfield code="b">BNPHU</subfield>
    <subfield code="d">2026-02-18</subfield>
    <subfield code="h">A&#xF1;o 1. N&#xFA;mero 1 (octubre-diciembre 1975)</subfield>
    <subfield code="l">0</subfield>
    <subfield code="p">2026-1320</subfield>
    <subfield code="r">2026-02-18</subfield>
    <subfield code="t">e.4</subfield>
    <subfield code="w">2026-02-18</subfield>
    <subfield code="y">ISSUE</subfield>
  </datafield>
  <datafield tag="952" ind1=" " ind2=" ">
    <subfield code="0">0</subfield>
    <subfield code="1">0</subfield>
    <subfield code="2">ddc</subfield>
    <subfield code="4">0</subfield>
    <subfield code="5">6</subfield>
    <subfield code="7">0</subfield>
    <subfield code="8">SE</subfield>
    <subfield code="a">BNPHU</subfield>
    <subfield code="b">BNPHU</subfield>
    <subfield code="d">2026-02-18</subfield>
    <subfield code="h">A&#xF1;o 1. N&#xFA;mero 1 (octubre-diciembre 1975)</subfield>
    <subfield code="l">0</subfield>
    <subfield code="p">2026-1321</subfield>
    <subfield code="r">2026-02-18</subfield>
    <subfield code="t">e.5</subfield>
    <subfield code="w">2026-02-18</subfield>
    <subfield code="y">ISSUE</subfield>
  </datafield>
  <datafield tag="952" ind1=" " ind2=" ">
    <subfield code="0">0</subfield>
    <subfield code="1">0</subfield>
    <subfield code="2">ddc</subfield>
    <subfield code="4">0</subfield>
    <subfield code="5">6</subfield>
    <subfield code="7">0</subfield>
    <subfield code="8">SE</subfield>
    <subfield code="a">BNPHU</subfield>
    <subfield code="b">BNPHU</subfield>
    <subfield code="d">2026-02-18</subfield>
    <subfield code="h">A&#xF1;o 1. N&#xFA;mero 2 (abril-junio 1976)</subfield>
    <subfield code="l">0</subfield>
    <subfield code="p">2026-1323</subfield>
    <subfield code="r">2026-02-18</subfield>
    <subfield code="t">e.1</subfield>
    <subfield code="w">2026-02-18</subfield>
    <subfield code="y">ISSUE</subfield>
  </datafield>
  <datafield tag="952" ind1=" " ind2=" ">
    <subfield code="0">0</subfield>
    <subfield code="1">0</subfield>
    <subfield code="2">ddc</subfield>
    <subfield code="4">0</subfield>
    <subfield code="5">6</subfield>
    <subfield code="7">0</subfield>
    <subfield code="8">SE</subfield>
    <subfield code="a">BNPHU</subfield>
    <subfield code="b">BNPHU</subfield>
    <subfield code="d">2026-02-18</subfield>
    <subfield code="h">A&#xF1;o 1. N&#xFA;mero 2 (abril-junio 1976)</subfield>
    <subfield code="l">0</subfield>
    <subfield code="p">2026-1324</subfield>
    <subfield code="r">2026-02-18</subfield>
    <subfield code="t">e.2</subfield>
    <subfield code="w">2026-02-18</subfield>
    <subfield code="y">ISSUE</subfield>
  </datafield>
  <datafield tag="952" ind1=" " ind2=" ">
    <subfield code="0">0</subfield>
    <subfield code="1">0</subfield>
    <subfield code="2">ddc</subfield>
    <subfield code="4">0</subfield>
    <subfield code="5">6</subfield>
    <subfield code="7">0</subfield>
    <subfield code="8">SE</subfield>
    <subfield code="a">BNPHU</subfield>
    <subfield code="b">BNPHU</subfield>
    <subfield code="d">2026-02-18</subfield>
    <subfield code="h">A&#xF1;o 1. N&#xFA;mero 5-6-7 (abril 1978)</subfield>
    <subfield code="l">0</subfield>
    <subfield code="p">2026-1327</subfield>
    <subfield code="r">2026-02-18</subfield>
    <subfield code="t">e.1</subfield>
    <subfield code="w">2026-02-18</subfield>
    <subfield code="y">ISSUE</subfield>
  </datafield>
  <datafield tag="952" ind1=" " ind2=" ">
    <subfield code="0">0</subfield>
    <subfield code="1">0</subfield>
    <subfield code="2">ddc</subfield>
    <subfield code="4">0</subfield>
    <subfield code="5">6</subfield>
    <subfield code="7">0</subfield>
    <subfield code="8">SE</subfield>
    <subfield code="a">BNPHU</subfield>
    <subfield code="b">BNPHU</subfield>
    <subfield code="d">2026-02-18</subfield>
    <subfield code="h">A&#xF1;o 1. N&#xFA;mero 5-6-7 (abril 1978)</subfield>
    <subfield code="l">0</subfield>
    <subfield code="p">2026-1328</subfield>
    <subfield code="r">2026-02-18</subfield>
    <subfield code="t">e.2</subfield>
    <subfield code="w">2026-02-18</subfield>
    <subfield code="y">ISSUE</subfield>
  </datafield>
  <datafield tag="952" ind1=" " ind2=" ">
    <subfield code="0">0</subfield>
    <subfield code="1">0</subfield>
    <subfield code="2">ddc</subfield>
    <subfield code="4">0</subfield>
    <subfield code="5">6</subfield>
    <subfield code="7">0</subfield>
    <subfield code="8">SE</subfield>
    <subfield code="a">BNPHU</subfield>
    <subfield code="b">BNPHU</subfield>
    <subfield code="d">2026-02-18</subfield>
    <subfield code="h">A&#xF1;o 1. N&#xFA;mero 5-6-7 (abril 1978)</subfield>
    <subfield code="l">0</subfield>
    <subfield code="p">2026-1329</subfield>
    <subfield code="r">2026-02-18</subfield>
    <subfield code="t">e.3</subfield>
    <subfield code="w">2026-02-18</subfield>
    <subfield code="y">ISSUE</subfield>
  </datafield>
  <datafield tag="952" ind1=" " ind2=" ">
    <subfield code="0">0</subfield>
    <subfield code="1">0</subfield>
    <subfield code="2">ddc</subfield>
    <subfield code="4">0</subfield>
    <subfield code="5">6</subfield>
    <subfield code="7">0</subfield>
    <subfield code="8">SE</subfield>
    <subfield code="a">BNPHU</subfield>
    <subfield code="b">BNPHU</subfield>
    <subfield code="d">2026-02-18</subfield>
    <subfield code="h">A&#xF1;o 2. N&#xFA;mero 8-9 (abril 1979)</subfield>
    <subfield code="l">0</subfield>
    <subfield code="p">2026-1330</subfield>
    <subfield code="r">2026-02-18</subfield>
    <subfield code="t">e.1</subfield>
    <subfield code="w">2026-02-18</subfield>
    <subfield code="y">ISSUE</subfield>
  </datafield>
  <datafield tag="952" ind1=" " ind2=" ">
    <subfield code="0">0</subfield>
    <subfield code="1">0</subfield>
    <subfield code="2">ddc</subfield>
    <subfield code="4">0</subfield>
    <subfield code="5">6</subfield>
    <subfield code="7">0</subfield>
    <subfield code="8">SE</subfield>
    <subfield code="a">BNPHU</subfield>
    <subfield code="b">BNPHU</subfield>
    <subfield code="d">2026-02-18</subfield>
    <subfield code="h">A&#xF1;o 2. N&#xFA;mero 8-9 (abril 1979)</subfield>
    <subfield code="l">0</subfield>
    <subfield code="p">2026-1331</subfield>
    <subfield code="r">2026-02-18</subfield>
    <subfield code="t">e.2</subfield>
    <subfield code="w">2026-02-18</subfield>
    <subfield code="y">ISSUE</subfield>
  </datafield>
  <datafield tag="952" ind1=" " ind2=" ">
    <subfield code="0">0</subfield>
    <subfield code="1">0</subfield>
    <subfield code="2">ddc</subfield>
    <subfield code="4">0</subfield>
    <subfield code="5">6</subfield>
    <subfield code="7">0</subfield>
    <subfield code="8">SE</subfield>
    <subfield code="a">BNPHU</subfield>
    <subfield code="b">BNPHU</subfield>
    <subfield code="d">2026-02-18</subfield>
    <subfield code="h">A&#xF1;o 2. N&#xFA;mero 8-9 (abril 1979)</subfield>
    <subfield code="l">0</subfield>
    <subfield code="p">2026-1332</subfield>
    <subfield code="r">2026-02-18</subfield>
    <subfield code="t">e.3</subfield>
    <subfield code="w">2026-02-18</subfield>
    <subfield code="y">ISSUE</subfield>
  </datafield>
  <datafield tag="952" ind1=" " ind2=" ">
    <subfield code="0">0</subfield>
    <subfield code="1">0</subfield>
    <subfield code="2">ddc</subfield>
    <subfield code="4">0</subfield>
    <subfield code="5">6</subfield>
    <subfield code="7">0</subfield>
    <subfield code="8">SE</subfield>
    <subfield code="a">BNPHU</subfield>
    <subfield code="b">BNPHU</subfield>
    <subfield code="d">2026-02-18</subfield>
    <subfield code="h">A&#xF1;o 2. N&#xFA;mero 8-9 (abril 1979)</subfield>
    <subfield code="l">0</subfield>
    <subfield code="p">2026-1333</subfield>
    <subfield code="r">2026-02-18</subfield>
    <subfield code="t">e.4</subfield>
    <subfield code="w">2026-02-18</subfield>
    <subfield code="y">ISSUE</subfield>
  </datafield>
  <datafield tag="952" ind1=" " ind2=" ">
    <subfield code="0">0</subfield>
    <subfield code="1">0</subfield>
    <subfield code="2">ddc</subfield>
    <subfield code="4">0</subfield>
    <subfield code="5">6</subfield>
    <subfield code="7">0</subfield>
    <subfield code="8">SE</subfield>
    <subfield code="a">BNPHU</subfield>
    <subfield code="b">BNPHU</subfield>
    <subfield code="d">2026-02-18</subfield>
    <subfield code="h">A&#xF1;o 2. N&#xFA;mero 8-9 (abril 1979)</subfield>
    <subfield code="l">0</subfield>
    <subfield code="p">2026-1334</subfield>
    <subfield code="r">2026-02-18</subfield>
    <subfield code="t">e.5</subfield>
    <subfield code="w">2026-02-18</subfield>
    <subfield code="y">ISSUE</subfield>
  </datafield>
  <datafield tag="952" ind1=" " ind2=" ">
    <subfield code="0">0</subfield>
    <subfield code="1">0</subfield>
    <subfield code="2">ddc</subfield>
    <subfield code="4">0</subfield>
    <subfield code="5">6</subfield>
    <subfield code="7">0</subfield>
    <subfield code="8">SE</subfield>
    <subfield code="a">BNPHU</subfield>
    <subfield code="b">BNPHU</subfield>
    <subfield code="d">2026-02-18</subfield>
    <subfield code="h">A&#xF1;o 2. N&#xFA;mero 10-11 </subfield>
    <subfield code="l">0</subfield>
    <subfield code="p">2026-1335</subfield>
    <subfield code="r">2026-02-18</subfield>
    <subfield code="t">e.1</subfield>
    <subfield code="w">2026-02-18</subfield>
    <subfield code="y">ISSUE</subfield>
  </datafield>
  <datafield tag="952" ind1=" " ind2=" ">
    <subfield code="0">0</subfield>
    <subfield code="1">0</subfield>
    <subfield code="2">ddc</subfield>
    <subfield code="4">0</subfield>
    <subfield code="5">6</subfield>
    <subfield code="7">0</subfield>
    <subfield code="8">SE</subfield>
    <subfield code="a">BNPHU</subfield>
    <subfield code="b">BNPHU</subfield>
    <subfield code="d">2026-02-18</subfield>
    <subfield code="h">A&#xF1;o 2. N&#xFA;mero 10-11 </subfield>
    <subfield code="l">0</subfield>
    <subfield code="p">2026-1336</subfield>
    <subfield code="r">2026-02-18</subfield>
    <subfield code="t">e.2</subfield>
    <subfield code="w">2026-02-18</subfield>
    <subfield code="y">ISSUE</subfield>
  </datafield>
  <datafield tag="952" ind1=" " ind2=" ">
    <subfield code="0">0</subfield>
    <subfield code="1">0</subfield>
    <subfield code="2">ddc</subfield>
    <subfield code="4">0</subfield>
    <subfield code="5">6</subfield>
    <subfield code="7">0</subfield>
    <subfield code="8">SE</subfield>
    <subfield code="a">BNPHU</subfield>
    <subfield code="b">BNPHU</subfield>
    <subfield code="d">2026-02-18</subfield>
    <subfield code="h">A&#xF1;o 2. N&#xFA;mero 10-11 </subfield>
    <subfield code="l">0</subfield>
    <subfield code="p">2026-1337</subfield>
    <subfield code="r">2026-02-18</subfield>
    <subfield code="t">e.3</subfield>
    <subfield code="w">2026-02-18</subfield>
    <subfield code="y">ISSUE</subfield>
  </datafield>
  <datafield tag="952" ind1=" " ind2=" ">
    <subfield code="0">0</subfield>
    <subfield code="1">0</subfield>
    <subfield code="2">ddc</subfield>
    <subfield code="4">0</subfield>
    <subfield code="5">6</subfield>
    <subfield code="7">0</subfield>
    <subfield code="8">SE</subfield>
    <subfield code="a">BNPHU</subfield>
    <subfield code="b">BNPHU</subfield>
    <subfield code="d">2026-02-18</subfield>
    <subfield code="h">A&#xF1;o 2. N&#xFA;mero 12-13 (abril 1980)</subfield>
    <subfield code="l">0</subfield>
    <subfield code="p">2026-1338</subfield>
    <subfield code="r">2026-02-18</subfield>
    <subfield code="t">e.1</subfield>
    <subfield code="w">2026-02-18</subfield>
    <subfield code="y">ISSUE</subfield>
  </datafield>
  <datafield tag="952" ind1=" " ind2=" ">
    <subfield code="0">0</subfield>
    <subfield code="1">0</subfield>
    <subfield code="2">ddc</subfield>
    <subfield code="4">0</subfield>
    <subfield code="5">6</subfield>
    <subfield code="7">0</subfield>
    <subfield code="8">SE</subfield>
    <subfield code="a">BNPHU</subfield>
    <subfield code="b">BNPHU</subfield>
    <subfield code="d">2026-02-18</subfield>
    <subfield code="h">A&#xF1;o 2. N&#xFA;mero 12-13 (abril 1980)</subfield>
    <subfield code="l">0</subfield>
    <subfield code="p">2026-1339</subfield>
    <subfield code="r">2026-02-18</subfield>
    <subfield code="t">e.2</subfield>
    <subfield code="w">2026-02-18</subfield>
    <subfield code="y">ISSUE</subfield>
  </datafield>
  <datafield tag="952" ind1=" " ind2=" ">
    <subfield code="0">0</subfield>
    <subfield code="1">0</subfield>
    <subfield code="2">ddc</subfield>
    <subfield code="4">0</subfield>
    <subfield code="5">6</subfield>
    <subfield code="7">0</subfield>
    <subfield code="8">SE</subfield>
    <subfield code="a">BNPHU</subfield>
    <subfield code="b">BNPHU</subfield>
    <subfield code="d">2026-02-18</subfield>
    <subfield code="h">A&#xF1;o 2. N&#xFA;mero 12-13 (abril 1980)</subfield>
    <subfield code="l">0</subfield>
    <subfield code="p">2026-1340</subfield>
    <subfield code="r">2026-02-18</subfield>
    <subfield code="t">e.2</subfield>
    <subfield code="w">2026-02-18</subfield>
    <subfield code="y">ISSUE</subfield>
  </datafield>
  <datafield tag="952" ind1=" " ind2=" ">
    <subfield code="0">0</subfield>
    <subfield code="1">0</subfield>
    <subfield code="2">ddc</subfield>
    <subfield code="4">0</subfield>
    <subfield code="5">6</subfield>
    <subfield code="7">0</subfield>
    <subfield code="8">SE</subfield>
    <subfield code="a">BNPHU</subfield>
    <subfield code="b">BNPHU</subfield>
    <subfield code="d">2026-02-18</subfield>
    <subfield code="h">A&#xF1;o 2. N&#xFA;mero 14-15 </subfield>
    <subfield code="l">0</subfield>
    <subfield code="p">2026-1341</subfield>
    <subfield code="r">2026-02-18</subfield>
    <subfield code="t">e.1</subfield>
    <subfield code="w">2026-02-18</subfield>
    <subfield code="y">ISSUE</subfield>
  </datafield>
  <datafield tag="952" ind1=" " ind2=" ">
    <subfield code="0">0</subfield>
    <subfield code="1">0</subfield>
    <subfield code="2">ddc</subfield>
    <subfield code="4">0</subfield>
    <subfield code="5">6</subfield>
    <subfield code="7">0</subfield>
    <subfield code="8">SE</subfield>
    <subfield code="a">BNPHU</subfield>
    <subfield code="b">BNPHU</subfield>
    <subfield code="d">2026-02-18</subfield>
    <subfield code="h">A&#xF1;o 2. N&#xFA;mero 14-15 (abril 1980)</subfield>
    <subfield code="l">0</subfield>
    <subfield code="p">2026-1342</subfield>
    <subfield code="r">2026-02-18</subfield>
    <subfield code="t">e.2</subfield>
    <subfield code="w">2026-02-18</subfield>
    <subfield code="y">ISSUE</subfield>
  </datafield>
  <datafield tag="952" ind1=" " ind2=" ">
    <subfield code="0">0</subfield>
    <subfield code="1">0</subfield>
    <subfield code="2">ddc</subfield>
    <subfield code="4">0</subfield>
    <subfield code="5">6</subfield>
    <subfield code="7">0</subfield>
    <subfield code="8">SE</subfield>
    <subfield code="a">BNPHU</subfield>
    <subfield code="b">BNPHU</subfield>
    <subfield code="d">2026-02-18</subfield>
    <subfield code="h">A&#xF1;o 6. N&#xFA;mero 16-17</subfield>
    <subfield code="l">0</subfield>
    <subfield code="p">2026-1343</subfield>
    <subfield code="r">2026-02-18</subfield>
    <subfield code="t">e.1</subfield>
    <subfield code="w">2026-02-18</subfield>
    <subfield code="y">ISSUE</subfield>
  </datafield>
  <datafield tag="952" ind1=" " ind2=" ">
    <subfield code="0">0</subfield>
    <subfield code="1">0</subfield>
    <subfield code="2">ddc</subfield>
    <subfield code="4">0</subfield>
    <subfield code="5">6</subfield>
    <subfield code="7">0</subfield>
    <subfield code="8">SE</subfield>
    <subfield code="a">BNPHU</subfield>
    <subfield code="b">BNPHU</subfield>
    <subfield code="d">2026-02-18</subfield>
    <subfield code="h">A&#xF1;o 6. N&#xFA;mero 16-17</subfield>
    <subfield code="l">0</subfield>
    <subfield code="p">2026-1344</subfield>
    <subfield code="r">2026-02-18</subfield>
    <subfield code="t">e.2</subfield>
    <subfield code="w">2026-02-18</subfield>
    <subfield code="y">ISSUE</subfield>
  </datafield>
  <datafield tag="999" ind1=" " ind2=" ">
    <subfield code="c">60347</subfield>
    <subfield code="d">60347</subfield>
  </datafield>
</record>
